| 000 | 00000nam##2200000za#4500 |
| 001 | 9.575564 |
| 003 | CaOODSP |
| 005 | 20210624184726 |
| 007 | cr ||||||||||| |
| 008 | 150406|2008||||xxc|||||o f|0| 0 eng|d |
| 040 | |aCaOODSP|beng |
| 043 | |an-cn--- |
| 086 | 1 |aTU3-5/08-10E-PDF |
| 110 | 2 |aTransportation Safety Board of Canada. |
| 245 | 10|aLoss of control and collision with terrain - Sky North Air Limited Beechcraft A100 C-FSNA Gods Lake Narrows, Manitoba, 5 nm NW, 22 November 2008 |h[electronic resource] |
| 260 | |aGatineau - Quebec : |bTransportation Safety Board of Canada |c[2008]. |
| 300 | |a13p.|bfig., references |
| 490 | 1 |aAviation investigation report |vA08C0237 |
| 590 | |a13-03-Supp|b2013-02-11 |
| 775 | 08|tPerte de maîtrise et collision avec le relief du Beechcraft A100 C-FSNA exploité par Sky North Air Limited à 5 nm au nord-ouest de Gods Lake Narrows (Manitoba), le 22 novembre 2008 |w(CaOODSP)9.605058 |
| 830 | #0|aAviation investigation report ;|vA08C0237|w(CaOODSP)9.504825 |
| 856 | 40|ahttp://publications.gc.ca|qPDF|s181 KB|uhttps://publications.gc.ca/collections/collection_2013/bst-tsb/TU3-5-08-10-eng.pdf|yA08C0237 |